000 01182cab a2200301 4500
001 X90482
008 090401t1998 xxu||||| |||| 00| 0 eng d
035 _a(Sirsi) u90482
041 _aeng
245 _aRight of way
260 _c1998
350 _a0
490 _aEstates Gazette Case Summaries
_v(1998) EGCS 180 (19/12/98)
520 _aIn "McKay Securities plc v Surrey County Council", the plaintiffs acquired land in use as a brickworks, to which access was via a roadway over land owned by the Council. The question arose as to whether the grant of the roadway was limited to use of the land as a brickworks, and whether the grant carried the right to maintain visibility splays. Plaintiff succeeded on the first issue but failed on the second.
650 _aDEEDS
650 _aGRAHAM V PHILCOX
650 _aHIGHWAYS
650 _aNATIONAL TRUST FOR PLACES OF HISTORIC INTEREST OR NATURAL BEAUTY V WHI
650 _aORR V MITCHELL
650 _aRECITAL
650 _aRIGHTS OF WAY
650 _aROADWAYS
650 _aSCOTT V MARTIN
650 _aVISIBILITY
690 _aHIGHWAYS RIGHTS OF WAY AND EASEMENTS
942 _n0
948 _c23/12/1998
999 _c57372
_d57372